00724nam a2200193 a 450000100100000000500170001000800410002702000150006804000250008308200160010810000270012424501420015126000490029330000170034249000580035950000370041770000180045483000580047200003720320240301180540.0120301s1980 mx 000 0 spa d a9682304040 aDO-SdBNPbspacBNPHU axxxxbM392c1 aMarx, Karl,d1818-188313aEl capital, crítica de la económia política :bel proceso de producción de capital /cKarl Marx ; edición a cargo Pedro Scaron. aMéxico :bSiglo Veintiuno Editores,c1980. av. ;c21 cm.1 aBiblioteca del pensamiento socialista.aLos clásico aLa biblioteca posee el volumen 21 aScaron, Pedro 0aBiblioteca del pensamiento socialista.aLos clásico